=LDR 00000nam 2200000 4500 =001 INLIS000000000006269 =005 20130612094424 =008 ***********************************Ind** =035 ##$$0010-061300000006269 =041 ##$$a Ind =082 ##$$a 005.756 5 =090 ##$$a 005.756 5 Sya p =100 ##$$a Syamsuardi =245 ##$$a Pengolah kata arab dan latin/Syamsuardi =260 ##$$a 1994 $b Bandung =300 ##$$a 106 hlm. ; 21 cm =650 ##$$a Komputer =850 ##$$a NBPNMAT